|
|
|
|
| LEADER |
00700nam a22001697a 4500 |
| 003 |
OSt |
| 008 |
161013b xxu||||| |||| 00| 0 eng d |
| 020 |
|
|
|a 81-87879-85-8
|
| 082 |
|
|
|a 320 ALT/L
|
| 100 |
|
|
|a Althusser, Louis.
|
| 245 |
|
|
|a Lenin and philosophy and other essays/
|
| 260 |
|
|
|a New Delhi:
|b Aakar,
|c 2006.
|
| 300 |
|
|
|a 173p.
|
| 942 |
|
|
|2 ddc
|c BK
|
| 999 |
|
|
|c 338596
|d 338596
|
| 952 |
|
|
|0 0
|1 0
|4 0
|6 320_000000000000000_ALT_L
|7 0
|9 388584
|a POL
|b POL
|c ST1
|d 2011-08-02
|g 0.00
|i POL1367
|l 4
|m 1
|o 320 ALT/L
|p POL1367
|r 2016-01-04
|s 2015-11-20
|w 2018-08-20
|y BK
|
| 952 |
|
|
|0 0
|1 0
|4 0
|6 320_000000000000000_ALT_L
|7 0
|9 388585
|a POL
|b POL
|c ST1
|d 2011-08-25
|g 0.00
|i POL977
|l 7
|o 320 ALT/L
|p POL977
|r 2017-11-24
|s 2017-11-10
|w 2018-08-20
|y BK
|